Vista normal Vista MARC

Entrada Nombre personal

Número de registros utilizados en: 1

001 - CONTROL NUMBER

  • control field: 36904

003 - CONTROL NUMBER IDENTIFIER

  • control field: OSt

005 - DATE AND TIME OF LATEST TRANSACTION

  • control field: 20201025090033.0

008 - FIXED-LENGTH DATA ELEMENTS

  • fixed length control field: 201025|| aca||aabn | a|a d

040 ## - CATALOGING SOURCE

  • Original cataloging agency: OSt
  • Transcribing agency: OSt

100 ## - HEADING--PERSONAL NAME

  • Personal name: Baquero Garcia, Irma Lili

670 ## - SOURCE DATA FOUND

  • Source citation: Work cat.: (OSt): Baquero Garcia, Irma Lili, Plan de desarrollo educativo para el municipio de Puerto López, 1993.